[Event "URS-ch48"]
[Site "Vilnius"]
[Date "1980.??.??"]
[Round "?"]
[White "Vaganian, Rafael A"]
[Black "Psakhis, Lev"]
[Result "1-0"]
[WhiteElo "2590"]
[BlackElo "2535"]

1.c4 c5 2.Nc3 b6 3.e4 Bb7 4.g3 g6 5.Bg2 Bg7 6.Nge2 Nc6 7.d3 d6 8.Be3 Nf6
9.h3 O-O 10.O-O a6 11.Qd2 e6 12.Rac1 Re8 13.d4 cxd4 14.Nxd4 Ne5 15.b3 Qc7
16.f4 Ned7 17.Ndb5 axb5 18.Nxb5 Qc6 19.Nxd6 e5 20.Rcd1 Re7 21.f5 Nc5 22.Bg5 Rf8
23.b4 Ncd7 24.a4 Ba8 25.Kh2 Qxa4 26.Ra1 Qc6 27.Ra7 Rfe8 28.b5 Qc5 29.Be3 Bf8
30.fxg6 hxg6 31.Bxc5 Nxc5 32.Rxa8 Rxa8 33.Rxf6 Rd7 34.Qd5 Rad8 35.Rxg6+ Kh7
36.Rf6 Bg7 37.Rxf7 Rxd6 38.Qxe5 Rg6 39.Qh5+ Rh6 40.Rxg7+ Kxg7 41.Qg5+  1-0